Biblioteca Fatec Adamantina

Gestão de projetos : (Registro n. 327)

Detalhes MARC
000 -LEADER
fixed length control field 00837nam a22002777a 4500
003 - CONTROL NUMBER IDENTIFIER
control field OSt
005 - DATE AND TIME OF LATEST TRANSACTION
control field 20250404160255.0
007 - PHYSICAL DESCRIPTION FIXED FIELD--GENERAL INFORMATION
fixed length control field ta
008 - FIXED-LENGTH DATA ELEMENTS--GENERAL INFORMATION
fixed length control field 250404b bl ||||| |||| 00| 0 por d
020 ## - INTERNATIONAL STANDARD BOOK NUMBER
International Standard Book Number 9788553131631
Qualifying information (encad.)
040 ## - CATALOGING SOURCE
Language of cataloging por
Transcribing agency OSt
041 1# - LANGUAGE CODE
Language code of text/sound track or separate title por
Language code of original eng
082 ## - DEWEY DECIMAL CLASSIFICATION NUMBER
Classification number 658.404
Item number K26g
100 1# - MAIN ENTRY--PERSONAL NAME
Personal name Keeling, Ralph
9 (RLIN) 468
210 ## - ABBREVIATED TITLE
Source Gestão de projetos
240 ## - UNIFORM TITLE
Uniform title Project management: an internacional perspective
245 10 - TITLE STATEMENT
Title Gestão de projetos :
Remainder of title uma abordagem global /
250 ## - EDITION STATEMENT
Edition statement 4. ed.
260 ## - PUBLICATION, DISTRIBUTION, ETC.
Place of publication, distribution, etc. São Paulo :
Name of publisher, distributor, etc. Saraiva Educação,
Date of publication, distribution, etc. 2019.
300 ## - PHYSICAL DESCRIPTION
Extent 302 p. :
Other physical details il. ;
Dimensions 24 cm
504 ## - BIBLIOGRAPHY, ETC. NOTE
Bibliography, etc. note Bibliografia: p. 295-302
650 04 - SUBJECT ADDED ENTRY--TOPICAL TERM
Topical term or geographic name entry element Administração de projetos
700 1# - ADDED ENTRY--PERSONAL NAME
Personal name Branco, Renato Henrique Ferreira
9 (RLIN) 469
700 1# - ADDED ENTRY--PERSONAL NAME
Personal name Moreira, Cid Knipel
9 (RLIN) 470
Relator term tradução
942 ## - ADDED ENTRY ELEMENTS (KOHA)
Source of classification or shelving scheme Dewey Decimal Classification
Koha item type LIVRO
Edition 4. ed.
Suppress in OPAC No
Exemplares
Withdrawn status Lost status Source of classification or shelving scheme Damaged status Not for loan Home library Current library Date acquired Total checkouts Full call number Barcode Date last seen Copy number Price effective from Koha item type
    Dewey Decimal Classification     Biblioteca Fatec Adamantina Biblioteca Fatec Adamantina 04.04.2025   658.404 - K26g 2025-0580 04.04.2025 ex.1 04.04.2025 LIVRO
    Dewey Decimal Classification     Biblioteca Fatec Adamantina Biblioteca Fatec Adamantina 04.04.2025   658.404 - K26g 2025-0581 04.04.2025 ex.2 04.04.2025 LIVRO
    Dewey Decimal Classification     Biblioteca Fatec Adamantina Biblioteca Fatec Adamantina 04.04.2025   658.404 - K26g 2025-0582 04.04.2025 ex.3 04.04.2025 LIVRO
    Dewey Decimal Classification     Biblioteca Fatec Adamantina Biblioteca Fatec Adamantina 04.04.2025   658.404 - K26g 2025-0583 04.04.2025 ex.4 04.04.2025 LIVRO

Para mais informações envie um e-mail para [email protected].